La Contratación Pública : (Registro nro. 7221)

Detalles MARC
000 -LEADER
fixed length control field 01260nam a22002537a 4500
003 - CONTROL NUMBER IDENTIFIER
control field OSt
005 - DATE AND TIME OF LATEST TRANSACTION
control field 20210217165826.0
008 - FIXED-LENGTH DATA ELEMENTS--GENERAL INFORMATION
fixed length control field 210217s2016 ck a|||gr|||| 00| 0 spa d
020 ## - INTERNATIONAL STANDARD BOOK NUMBER
International Standard Book Number 9789585880146
040 ## - CATALOGING SOURCE
Original cataloging agency CO-JMCR
Transcribing agency CO-JMCR
041 0# - LANGUAGE CODE
Language code of text/sound track or separate title spa
082 04 - DEWEY DECIMAL CLASSIFICATION NUMBER
Classification number 658.8007 /
Item number R741c
Edition number 23
100 1# - MAIN ENTRY--PERSONAL NAME
Personal name Rojas Rojas, Edilma,
Relator term autora
9 (RLIN) 13582
245 13 - TITLE STATEMENT
Title La Contratación Pública :
Remainder of title modelo de Inteligencia de Mercado : hacia entidades públicas ejemplares /
Statement of responsibility, etc. Edilma Rojas Rojas, Flor Maria Zubieta Diaz, Leonardo Rodriguez Casas [y 3 más]
260 ## - PUBLICATION, DISTRIBUTION, ETC.
Place of publication, distribution, etc. Bogotá :
Name of publisher, distributor, etc. Unidad de Restitución de Tierras,
Date of publication, distribution, etc. 2016
300 ## - PHYSICAL DESCRIPTION
Extent 97 páginas :
Other physical details ilustraciones a color ;
Dimensions 24 cm.
500 ## - GENERAL NOTE
General note Incluye notas a pie de página y glosario.
505 0# - FORMATTED CONTENTS NOTE
Formatted contents note Objetivos -- Análisis de causas -- Planear- preparando la embarcación -- Hacer-navegando en el océano de las adquisiciones -- Verificar- en búsqueda del presupuesto oficial estimado (POE) -- Actuar- anclando en puerto -- Experiencias de la UAEGRTD
650 14 - SUBJECT ADDED ENTRY--TOPICAL TERM
Topical term or geographic name entry element Mercado
General subdivision adquisición de bienes
9 (RLIN) 13583
650 24 - SUBJECT ADDED ENTRY--TOPICAL TERM
Topical term or geographic name entry element Adquisición de bienes
Form subdivision entidades públicas
General subdivision guía
9 (RLIN) 13584
700 1# - ADDED ENTRY--PERSONAL NAME
Personal name Zubieta Diaz, Flor Maria,
Relator term autor
9 (RLIN) 13585
700 1# - ADDED ENTRY--PERSONAL NAME
Personal name Rodriguez Casas, Leonardo,
Relator term autor
9 (RLIN) 13586
942 ## - ADDED ENTRY ELEMENTS (KOHA)
Source of classification or shelving scheme Dewey Decimal Classification
Koha item type Books
Existencias
Withdrawn status Lost status Source of classification or shelving scheme Damaged status Not for loan Collection code Home library Current library Date acquired Source of acquisition Total Checkouts Full call number Barcode Date last seen Date last checked out Copy number Price effective from Koha item type
    Dewey Decimal Classification     Non-fiction Biblioteca Pública José María del Castillo y Rada Biblioteca Pública José María del Castillo y Rada 10/02/2020 Donación 1 658.8007 / R741c 201810375 11/18/2024 11/15/2024 Ej.1 02/17/2021 Books